Legends of Bara Magna : (Record no. 8159)

MARC details
000 -LEADER
fixed length control field 01348nam a22002417a 4500
001 - CONTROL NUMBER
control field 8159
003 - CONTROL NUMBER IDENTIFIER
control field FISKH
005 - DATE AND TIME OF LATEST TRANSACTION
control field 20250829103447.0
008 - FIXED-LENGTH DATA ELEMENTS--GENERAL INFORMATION
fixed length control field 250829b cb ||||| |||| 00| 0 eng d
020 ## - INTERNATIONAL STANDARD BOOK NUMBER
International Standard Book Number 9781597071802
040 ## - CATALOGING SOURCE
Original cataloging agency FISKH
Language of cataloging eng
Transcribing agency FISKH
Modifying agency FISKH
082 ## - DEWEY DECIMAL CLASSIFICATION NUMBER
Classification number 741.5
100 ## - MAIN ENTRY--PERSONAL NAME
Personal name Farshtey, Greg
245 ## - TITLE STATEMENT
Title Legends of Bara Magna :
Remainder of title Bionicle, Volumn 8 /
Statement of responsibility, etc. Writers : Greg Farshtey ; Artist : Christian Zanier and Stuart Sayger
260 ## - PUBLICATION, DISTRIBUTION, ETC.
Place of publication, distribution, etc. New York :
Name of publisher, distributor, etc. Papercutz,
Date of publication, distribution, etc. 2010.
300 ## - PHYSICAL DESCRIPTION
Extent 84 pages :
Other physical details color illustrations ;
Dimensions 20 cm
520 ## - SUMMARY, ETC.
Summary, etc. For the very first time, Papercutz presents all-new BIONICLE stories never before seen anywhere else, with three stories from BIONICLE scribe Greg Farshtey! "Legends of Bara Magna" tells the tale of the great war that lead to the creation of this harsh region, and the epic conflicts that have defined its existence. From shape-shifting warriors to battles in the brutal deserts of this savage land, "Legends of Bara Magna" provides BIONICLE followers not only with new storylines, but also presents characters never before seen in any BIONICLE comics. This graphic novel is a must-have for all BIONICLE fans!
650 ## - SUBJECT ADDED ENTRY--TOPICAL TERM
Topical term or geographic name entry element Fantasy
Form subdivision Fiction
General subdivision Owned
700 ## - ADDED ENTRY--PERSONAL NAME
Personal name Zanier, Christian
Relator term illustrator
700 ## - ADDED ENTRY--PERSONAL NAME
Personal name Sayger, Stuart
Relator term illustrator
942 ## - ADDED ENTRY ELEMENTS (KOHA)
Source of classification or shelving scheme Dewey Decimal Classification
Koha item type Books
Suppress in OPAC No
Holdings
Withdrawn status Lost status Source of classification or shelving scheme Damaged status Not for loan Collection Home library Current library Shelving location Date acquired Total Checkouts Full call number Barcode Date last seen Copy number Price effective from Koha item type
    Dewey Decimal Classification     Juvenile Fiction Footprints International School Library Network Toul Kork Campus Footprints International School Library Network Toul Kork Campus A TK Campus, Comic Books (All Reading Levels), B401 Bookcase 1/2, Shelf 3 08/29/2025   FAR 741.5 PZ7 FISTK01004 08/29/2025 1 08/29/2025 Books